Pays les plus chauds avec des exceptions - Statistiques

Statistiques générales
  • Ce quiz a été pris 1 274 fois
  • Le résultat moyen est 11 sur 21
Statistiques - réponses
° C Pays % Correct
25,85 Indonésie
71%
27,15 Qatar
69%
27,00 Émirats arabes unis
66%
25,60 Oman
64%
25,40 Malaisie
61%
26,30 Thaïlande
60%
25,35 Koweït
56%
27,15 Bahreïn
55%
25,85 Philippines
53%
26,80 Cambodge
51%
26,45 Singapour
51%
26,95 Sri Lanka
49%
27,65 Maldives
48%
26,85 Brunei
45%
25,40 Panama
45%
25,35 Venezuela
42%
25,25 Timor oriental
41%
25,00 Bangladesh
38%
26,00 Guyana
37%
25,70 Suriname
37%
25,30 Belize
31%
Aucun quiz correspondant
Distribution des résultats
% des personnes avec chaque résultat
Percentile par nombre de réponses
Votre historique - résultats
Vous n’avez pas pris ce quiz